A comparison of the impacts of difference types of organic mulches on hot pepper under crops experimmental station condition of royal university of agriculture,(ប្រៀបធៀបឥទ្ធិពលប្រភេទគំរបធម្មជាតិលើដំណាំម្ទេសក្នុងលក្ខខ័ណ្ឌស្ថានីយ៍ពិសោធន៍ដំនាំនៃសាកលវិទ្យាល័យភូមិន្ទកសិកម្ម) (Record no. 602)

000 -LEADER
fixed length control field 00839nam a22001577a 4500
003 - CONTROL NUMBER IDENTIFIER
control field OSt
005 - DATE AND TIME OF LATEST TRANSACTION
control field 20150916173859.0
008 - FIXED-LENGTH DATA ELEMENTS--GENERAL INFORMATION
fixed length control field 150916b xxu||||| |||| 00| 0 eng d
040 ## - CATALOGING SOURCE
Transcribing agency RUA
082 ## - DEWEY DECIMAL CLASSIFICATION NUMBER
Classification number AGR KEO 2004 B029 Or.1
100 ## - MAIN ENTRY--PERSONAL NAME
9 (RLIN) 628
Personal name KEO KYNAL
245 ## - TITLE STATEMENT
Title A comparison of the impacts of difference types of organic mulches on hot pepper under crops experimmental station condition of royal university of agriculture,(ប្រៀបធៀបឥទ្ធិពលប្រភេទគំរបធម្មជាតិលើដំណាំម្ទេសក្នុងលក្ខខ័ណ្ឌស្ថានីយ៍ពិសោធន៍ដំនាំនៃសាកលវិទ្យាល័យភូមិន្ទកសិកម្ម)
260 ## - PUBLICATION, DISTRIBUTION, ETC. (IMPRINT)
Place of publication, distribution, etc. phnom penh
Name of publisher, distributor, etc. RUA
Date of publication, distribution, etc. 2004
300 ## - PHYSICAL DESCRIPTION
Extent 55p.
Dimensions ill.
Size of unit 29cm.
942 ## - ADDED ENTRY ELEMENTS (KOHA)
Source of classification or shelving scheme
Koha item type AGR
Holdings
Price effective from Date last seen Permanent Location Not for loan Date acquired Date last checked out Source of classification or shelving scheme Koha item type Total Checkouts Barcode Lost status Damaged status Withdrawn status Current Location Full call number
2015-09-162018-11-20Library Block B 2015-09-162018-10-01 AGR2RUA001321   Library Block BAGR KEO 2004 B029 Or.1
2015-09-162015-09-16Library Block B 2015-09-16  AGR RUA001259   Library Block BAGR KEO 2004 B029 Or.2
2016-12-132016-12-13Library Block B 2016-12-13  AGR A04546   Library Block BAGR KEO 2004 B029 Or.3
មជ្ឈមណ្ឌលឯការនៃសាកលវិទ្យាល័យភូមិន្ទកសិកម្មចំការដូង

Powered by Koha